Fictional Latin America Characters by Picture - Statistics

General Stats
  • This quiz has been taken 439 times
    407 since last reset
  • The average score is 8 of 15
Answer Stats
Picture Answer % Correct
Paddington Bear
95%
Dora the Explorer
93%
Speedy Gonzales
75%
Gomez Addams
74%
Kuzco
57%
Tony Montana
57%
Betty Suarez
55%
Bender Rodríguez
53%
Nacho
53%
Mirabel Madrigal
43%
Gloria Delgado-Pritchett
41%
Miguel Rivera
41%
Gustavo Fring
38%
George Lopez
33%
Machete
33%
No matching quizzes found
Score Distribution
Percent of People with Each Score
Percentile by Number Answered
Your Score History
You have not taken this quiz since the last reset